Studies for improving the degradation resistance of natural rubber latex vulcanizates with special reference to heat and uv-radiation (Record no. 74609)

MARC details
000 -LEADER
fixed length control field 00454nam a2200133Ia 4500
100 ## - MAIN ENTRY--AUTHOR NAME
Personal name Jaimon K. Kurian
245 #0 - TITLE STATEMENT
Title Studies for improving the degradation resistance of natural rubber latex vulcanizates with special reference to heat and uv-radiation
260 ## - PUBLICATION, DISTRIBUTION, ETC. (IMPRINT)
Name of publisher Mahatma Gandhi University
Place of publication Kottayam
Year of publication 2002
300 ## - PHYSICAL DESCRIPTION
Number of Pages 233
500 ## - GENERAL NOTE
General note Course: Ph. D
700 ## - ADDED ENTRY--PERSONAL NAME
Personal name Dr NR Peethambaran
942 ## - ADDED ENTRY ELEMENTS (KOHA)
Koha item type Theses
Holdings
Withdrawn status Lost status Damaged status Not for loan Collection code Home library Current library Shelving location Date acquired Koha item type
      Theses Thesis RRII Library RRII Library Rubber technology 31/12/2021 Theses